000
00322nam a22001337a 4500
008
170526b xxu||||| |||| 00| 0 eng d
020
_a
9780471572176
041
_a
eng
080
_a
621.3
100
_a
25
101
_a
IM
245
_a
ELECTROMECHANICAL ENERGY DEVICES AND POWER SYSTEMS
_c
YAMAYEE,Z.A
942
_2
udc
_c
BK
999
_c
14401
_d
14401